Pai Rico Pai Pobre: (Record no. 435)

MARC details
000 -LÍDER
campo de controle de tamanho fixo 01612nam a22003017a 4500
001 - NÚMERO DE CONTROLE
campo de controle 435
003 - IDENTIFICADOR DO NÚMERO DE CONTROLE
campo de controle OSt
005 - DATA E HORÁRIO DA ÚLTIMA TRANSAÇÃO
campo de controle 20250625102346.0
008 - CAMPO DE DADOS FIXOS--INFORMAÇÃO GERAL
campo de controle de tamanho fixo 250625b |||||||g |||| 00| 0 eng d
020 ## - ISBN - INTERNATIONAL STANDARD BOOK NUMBER
ISBN - International Standard Book Number 9788535206234
040 ## - FONTE DA CATALOGAÇÃO
Idioma da catalogação por
041 ## - CÓDIGO DE IDIOMA
Código do idioma do original e/ou traduções intermediárias do texto por
Código do idioma do texto/trilha sonora ou título diferente eng
082 ## - CDD - CLASSIFICAÇÃO DECIMAL DE DEWEY
Número de Classificação 158.1
Número do exemplar K68p
100 1# - ENTRADA PRINCIPAL--NOME PESSOAL
Nome pessoal Kiyosaki, Robert T.,
Datas associadas ao nome 1947-
9 (RLIN) 951
240 ## - TÍTULO UNIFORME
Título uniforme Rich Dad, Poor Dad
245 ## - TÍTULO
Título Pai Rico Pai Pobre:
Restante do título O que os ricos ensinam a seus filhos sobre dinheiro /
Indicação de responsabilidade, etc. Kiyosaki, Robert T ; Tradução de Maria José Cylhar Monteiro
250 ## - EDIÇÃO
Declaração de edição 61 ed.
260 ## - PUBLICAÇÃO, DISTRIBUIÇÃO, ETC.
Local de publicação, distribuição, etc. Rio de Janeiro
Nome do editor, distribuidor, etc. Campus / Elsevier
Data da publicação, distribuição, etc. 2000
300 ## - DESCRIÇÃO FÍSICA
Extensão 192 p.
520 ## - NOTA DE RESUMO, ETC.
Resumo, etc. O objetivo deste livro é o de partilhar percepções quanto à maneira como uma maior inteligência financeira pode ser empregada para resolver muitos dos problemas comuns da vida. Sem treinamento financeiro, freqüentemente recorremos a fórmulas padronizadas para levar a vida, como trabalhar com afinco, poupar, fazer empréstimos e pagar impostos demais. Segundo o autor, cada indivíduo tem o poder de determinar o destino do dinheiro que chega às mãos. A escolha é de cada um. A cada dia, a cada nota, decidimos ser rico, pobre ou classe média. Dividir este conhecimento com os filhos é a melhor maneira de prepará-los para o mundo que os aguarda. Ninguém mais o fará.<br/>
650 #0 - ASSUNTO--TERMO TÓPICO
Cabeçalho tópico ou nome geográfico Literatura Americana
9 (RLIN) 84
650 #0 - ASSUNTO--TERMO TÓPICO
Cabeçalho tópico ou nome geográfico Mentalidade de riqueza
9 (RLIN) 952
650 #0 - ASSUNTO--TERMO TÓPICO
Cabeçalho tópico ou nome geográfico Tomada de decisão econômica
9 (RLIN) 953
650 #0 - ASSUNTO--TERMO TÓPICO
Cabeçalho tópico ou nome geográfico Liberdade financeira
9 (RLIN) 955
655 #0 - TERMO DE ÍNDICE--GÊNERO E FORMA
Gênero/forma/ou termo foco Não Ficção
700 ## - ENTRADA ADICIONADA - NOME PESSOAL
Nome pessoal Maria José Cylhar Monteiro
Função do autor por extenso TRADUTOR
9 (RLIN) 956
942 ## - ELEMENTOS DE ENTRADA ADICIONADOS (KOHA)
Fonte de classificação ou esquema de arquivamento Classificação decimal de Dewey
Tipo de material Koha Livros
Ocultar no OPAC Não
Holdings
Situação do descarte Situação das perdas Fonte de classificação ou esquema de arquivamento Status danificado Não pode ser emprestado Coleção Biblioteca de origem Biblioteca atual Localização na estante Data de aquisição Fonte de aquisição Total de empréstimos Número de chamada completo Código de barras Data de último acesso Data do preço efetivo Tipo de material Koha
    Classificação decimal de Dewey     Não ficção Biblioteca Professor Eduardo Afonso de Castro Biblioteca Professor Eduardo Afonso de Castro Desenvolvimento Pessoal 25.06.2025 doação   158.1 / K68p 2025-17366 25.06.2025 25.06.2025 Livros

Powered by Koha